Biblioteka Instytutu Północnego w Olsztynie

Widok standardowy Widok MARC

Pozycja Corporate Name

Liczba rekordów, w których użyto hasła: 1

001 - Numer kontrolny

  • control field: 38042

003 - Identyfikator numeru kontrolnego

  • control field: NUKAT

005 - Data i czas ostatniej modyfikacji

  • control field: 20260313124755.0

008 - Dane kontrolne kodowane (40 znaków)

  • fixed length control field: 121230n||a|znnaabn |a ana |c

010 ## - Numer kontrolny Biblioteki Kongresu

  • numer kontrolny LC: n 2013022644

024 7# - OTHER STANDARD IDENTIFIER

  • Standard number or code: 311352232
  • Source of number or code: viaf

040 ## - Instytucja sporządzająca rekord

  • inst. przygot. dane do rek. khw: WA U/MJsynat
  • język haseł przedmiotowych/tezaurus: kaba
  • inst. wprow. rek. khw: WA U/MJ
  • inst. modyf. rek. khw: OLSZT 003/DS

043 ## - Kod obszaru geograficznego

  • ISO code: PL

110 2# - Hasło - nazwa ciała zbiorowego

  • nazwa ciała zbior. lub geogr. na pocz.: Studio Przygotowawcze Wydawnictw EDYCJA.

368 ## - Other Attributes

  • Corp type: Wydawcy.

370 ## - Associated place

  • Country: Polska.

370 ## - Associated place

  • Residence/HQ: Olsztyn (Polska, województwo warmińsko-mazurskie).

377 ## - Assoc lang

  • Lang code: pol

410 2# - Trop zob. - nazwa ciała zbiorowego

  • nazwa ciała zbior. lub geogr. na pocz.: SPW Edycja.

410 2# - Trop zob. - nazwa ciała zbiorowego

  • nazwa ciała zbior. lub geogr. na pocz.: Wydawnictwo Edycja.

410 2# - Trop zob. - nazwa ciała zbiorowego

  • nazwa ciała zbior. lub geogr. na pocz.: Edycja.

410 2# - Trop zob. - nazwa ciała zbiorowego

  • nazwa ciała zbior. lub geogr. na pocz.: Studio Edycja.

410 2# - Trop zob. - nazwa ciała zbiorowego

  • nazwa ciała zbior. lub geogr. na pocz.: Studio Wydawnicze EDYCJA.

410 2# - Trop zob. - nazwa ciała zbiorowego

  • nazwa ciała zbior. lub geogr. na pocz.: Studio Wydawnicze EDYCJA Henryk Chmielewski.

670 ## - Źródło informacji

  • źródło informacji: Choroby zwierząt futerkowych podlegające obowiązkowi zwalczania i rejestracji : praca zbiorowa / pod red.: Wojciecha Szwedy, Andrzeja K. Siwickiego, Jana Siemionka. - Olsztyn, 2009.
  • gdzie znaleziono informację: (Wydawnictwo Edycja)

670 ## - Źródło informacji

  • źródło informacji: ISBN BN online
  • gdzie znaleziono informację: (Studio Przygotowawcze Wydawnictw EDYCJA, spółka cywilna)

670 ## - Źródło informacji

  • źródło informacji: Medycyna XXI wieku / pod redakcją: Ewy Skoipińskiej-Różewskiej, Andrzeja Krzysztofa Siwickiego, Roberta Zdanowskiego. - Olsztyn, 2016.
  • gdzie znaleziono informację: (Studio Wydawnicze EDYCJA)

670 ## - Źródło informacji

  • źródło informacji: Organizacje absolwenckie w Uniwersytecie Warmińsko-Mazurskim w Olsztynie i poprzedzających go uczelniach / redakcja: Bolesław Pilarek. - Olsztyn, 2023.
  • gdzie znaleziono informację: (Studio Wydawnicze EDYCJA Henryk Chmielewski)
Biblioteka Instytutu Północnego, ul. Partyzantów 87, 10-402 Olsztyn, email: biblioteka(at)ip.olsztyn.pl